| 000 | 02081nam a22003497a 4500 | ||
|---|---|---|---|
| 001 | 1319 | ||
| 005 | 20230816092511.0 | ||
| 008 | 230815b cb ||||| |||| 00| 0 khr d | ||
| 020 | _a9789924341383 | ||
| 040 |
_aFISKH _beng _cFISKH _dFISKH |
||
| 082 | _a591.92 | ||
| 100 | _aRecamier, Francoise | ||
| 245 |
_aជីវៈចម្រុះនៅតំបន់ឆ្នេរសមុទ្រកម្ពុជា / _cនិពន្ធដោយ Francoise Recamier, Nathalie Tordjman, និង ឡាច រតនា |
||
| 260 |
_aPhnom Penh : _bSipar, _c2022. |
||
| 300 |
_a35 pages : _bmaps ; color illustrations ; _c26 cm |
||
| 490 | _aស្វែងយល់ពី | ||
| 505 | _aZ | ||
| 520 | _aតំបន់ឆ្នេរសមុទ្រកម្ពុជាផ្ដល់ធនធានដ៏សម្បូរបែប គឺព្រៃកោងកាង ស្មៅសមុទ្រ និងផ្ដាថ្មហើយសត្វ និងរុក្ខជាតិជាច្រើនប្រភេទរស់នៅជាមួយគ្នាក្នុងតំបន់នេះ។ | ||
| 520 | _aCambodia's coastal areas provide rich resources: mangroves, seagrass and rocks, and many species of animals and plants live together in this area. | ||
| 521 |
_a890
_bLexile estimate |
||
| 521 |
_aZ
_bRaz-Plus |
||
| 650 |
_aCoastal _vMangroves _xSpecies _ySeagrass |
||
| 650 |
_aឆ្នេរសមុទ្ _vព្រៃកោងកាង _xស្មៅសមុទ្រ _yរុក្ខជាតិ |
||
| 700 |
_aTordjman, Nathalie _cAuthor |
||
| 700 |
_aRathna, Larg _cAuthor |
||
| 700 |
_aVisal, Seng _bCover and picture page 14, 17, 22, 23, 28, 29 _cillustrator |
||
| 700 |
_aVisoth, Seng _bPicture page 8, 9, 11, 18, 19, 20, 21, 24, 25, 31, 32, 33, 35 _cillustrator |
||
| 700 |
_aSokpheng, Meng _bPicture page 27, 32 _cillustrator |
||
| 700 |
_aRotha, Ouk _bPicture page park ranger _cillustrator |
||
| 700 |
_aHoksrin, Chrim _bCambodian maps 6, 7, 30, 31 _cillustrator |
||
| 942 |
_2ddc _cBK _n0 |
||
| 999 |
_c1319 _d1319 |
||